Reasoning Under Incomplete Information in Artificial Intelligence <A> Comparison of Formalismus Using a Single Example

Guardado en:
Detalles Bibliográficos
Autor principal: Sombé, Léa
Formato: Libro
Lenguaje:inglés
Publicado: New York Wiley and Sons 1990
Edición:1. ed.
Etiquetas: Agregar Etiqueta
Sin Etiquetas, Sea el primero en etiquetar este registro!

MARC

LEADER 00000nam a2200000 4500
001 c033790
005 20221215114355.7
041 0 |a eng 
044 |a US 
245 1 0 |a Reasoning Under Incomplete Information in Artificial Intelligence  |b <A> Comparison of Formalismus Using a Single Example  |c Léa Sombé 
250 |a 1. ed. 
264 1 |a New York  |b Wiley and Sons  |c 1990 
300 |a 472 s. 
100 1 |a Sombé, Léa